00551cam a22002171 4500001001300000003000400013005001700017008004100034010001700075035002000092040001800112042001200130050001800142100003500160245005500195260001100250300001900261500001400280650002200294999001700316sa 67000658 DLC20260227112316.0890724s1966 ii 000 0 orio  asa 67000658  a(OCoLC)20059822 aDLCcWaUdDLC apremarc00aPK2570.5b.B41 aBehera, Krishna Charan,d1932-10aAśḷiḷatā bipakshare o anyānya prabandha. c[1966] a114 p.c19 cm. aIn Oriya. 0aOriya literature. c72124d72124